000 03655cam a22005654i 4500
003 PE-LiUPU
005 20250731180153.0
008 150706s2009 r 000 0 d
020 _a9789708300667
035 _a(Sirsi) i9789708300667
040 _aPE-LiUPU
_bspa
_cPE-LiUPU
_erda
049 _aPRUA
082 0 4 _a574
_bB5
_221
100 1 _aStarr, Cecie,
_eautor.
245 1 0 _aBiología :
_bla unidad y la diversidad de la vida /
_cCecie Starr. [et al.] ; [editora Claudia Islas Licona].
250 _a12a ed.
264 1 _aMexico, D. F. :
_bCengage Learning,
_c2009.
300 _axxx, 1003 páginas :
_bilustraciones ;
_c27 cm.
336 _atext
_2rdacontent
337 _aunmediated
_2rdamedia
338 _avolume
_2rdacarrier
500 _aTraducción de: Biology: the unity and diversity of life. 12th ed.
505 0 _aLos principios de la vida celular -- La base química de la vida -- Las moléculas de la vida -- Estructura y funciones de la célula -- Un examen más cuidadoso de la membrana celular -- Reglas básicas del metabolismo -- La fotosíntesis: el inicio de todo -- ¿Cómo liberan las células la energía química? -- Los principios de la herencia -- ¿Cómo se reproducen la células? -- La meiosis y la reproducción sexual -- Observando patrones en los caracteres hereditarios -- Los cromosomas y la herencia humana -- Estructura y funcionamiento del ADN -- Del ADN a las proteínas -- Controles sobre los genes -- Estudio y manipulación de genomas -- Los principios de la evolución -- Evidencia de la evolución -- Los procesos evolutivos -- Organizando la información acerca de las especies -- El origen de la vida y la evolución temprana -- Evolución y biodiversidad -- Los virus y los procariontes -- Protistas: los eucariontes más simples -- Las plantas terrestres -- Los hongos -- Evolución animal: los invertebrados -- Evolución animal: los cordados -- Plantas y animales: retos comunes -- Cómo funcionan las plantas -- Tejidos vegetales -- Nutrición y transporte en las plantas -- Reproducción de las plantas -- Desarrollo de las plantas -- Cómo funcionan los animales -- Tejidos animales y sistemas de órganos -- Sistema nervioso -- Percepción sensorial -- Control endocrino -- Soporte estructural y movimiento -- Circulación -- Inmunidad -- Respiración -- Digestión y nutrición humana -- Preservación del entorno interno -- Sistemas reproductivos de los animales -- Desarrollo animal -- Los principios de la ecología -- Comportamiento animal -- Ecología poblacional -- Estructura comunitaria y biodiversidad -- Ecosistemas -- La biósfera -- Impacto de los seres humanos sobre la biosfera.
526 _aSEG44
526 _aSEG26
526 _aP159
526 _aP155
526 _aP154
526 _aP153
526 _aP150
526 _aP100
526 _aP31
526 _aP30
526 _aP26
526 _aP25
526 _aP24
526 _aP22
526 _aP15
526 _aP10
541 _g015-0016191;
650 0 4 _aBiología.
700 1 _aStarr, Cecie,
_eaut.
700 1 _aIslas Licona, Claudia,
_eed.
910 _agl
_cjck
_d20131119
942 _2ddc
_cBOOK
949 _a574 B5
_wDEWEY
_c1
_i69121
_lCCODEBUL1
_mBUL
_p103.00
_r0
_sY
_tBOOK
_u2015-7-6
_xINGENIERIA
_PP24
_o.STAFF. Colección General
994 _aC0
_bPEPRU
596 _a1
999 _a574 B5
_wDEWEY
_c56185
_i69121
_d56185
_e2019-5-17
_f2021-11-9
_g7
_lCCODEBUL1
_mBUL
_n18
_p103.00
_q2
_r0
_sY
_tBOOK
_u2015-7-6
_xINGENIERIA
_PP24
_0COMPRA
_o.STAFF. Colección Ingenieria y Arquitectura
980 _81
_gALBERTO SANCHEZ Responsable de Automatización